Elder Scrolls Lore A-Z - Statistics

General Stats
  • This quiz has been taken 226 times
  • The average score is 17 of 26
Answer Stats
A - Z Hint Answer % Correct
B Half man half mer playable race Breton
97%
D Goddess of beauty, love, & affection Dibella
94%
T First emperor of the Septim dynasty Tiber Septim
92%
U Last emperor of the Septim dynasty Uriel Septim VII
87%
H Daedric prince of Knowledge Hermaeus Mora
85%
O Event that caused the end of the Septim dynasty Oblivion Crisis
85%
W Playable mer race of Valenwood Wood Elf
84%
Z God of commerce & trade Zenithar
82%
C Precursor race to the Dunmer Chimer
80%
M Realm of Nirn & surrounding planetary system Mundus
80%
V One of the Tribunal gods Vivec
80%
J Sheogorath's original form Jyggalag
79%
S Realm of dead Nordic warriors Sovngarde
72%
P The Wolf Queen who caused the War of the Red Diamond Potema Septim
70%
Y Original continent of the Redguards Yokuda
64%
A Source of all magic and origin of the Nine Divines Aetherius
60%
N Dwemer god that aided in the unification of Tamriel Numidium
60%
R Dynasty of the 2nd empire & predecessors of the Septim's Reman
60%
G Coven of witches that can cure Lycanthropy Glenmoril Wyrd
50%
F 10th month of the Tamrielic calendar Frostfall
49%
Q Realm of Vaermina Quagmire
45%
E Extinct race of et'Ada that are ancestors of all men & mer Ehlnofey
38%
I Race of apes native to Valenwood Imga
38%
K Extinct race of silver-skinned men from Black Marsh Kothringi
27%
L Extinct race of fox people Lilmothiit
25%
X Bosmeri god of toil, vengeance, agriculture, & payment in kind Xen
18%
No matching quizzes found
Score Distribution
Percent of People with Each Score
Percentile by Number Answered
Your Score History
You have not taken this quiz